[Event "tt Meesterklasse 12/13"]
[Site "Tilburg"]
[Date "2012.10.06"]
[Round "2.2"]
[White "Peek, Maurice"]
[Black "Bok, Benjamin"]
[Result "0-1"]
[WhiteElo "2396"]
[BlackElo "2525"]
[Annotator "Olthof"]
[PlyCount "102"]
[EventDate "2012.09.15"]
[SourceDate "2012.10.06"]
[WhiteTeam "Stukkenjagers"]
[BlackTeam "HMC Calder"]
[WhiteTeamCountry "NED"]
[BlackTeamCountry "NED"]

1. d4 Nf6 2. c4 g6 3. Nc3 d5 4. cxd5 Nxd5 5. Bd2 Nb6 6. Bf4 Bg7 7. Nf3 O-O 8.
Rc1 c5 9. dxc5 Bxc3+ 10. Rxc3 Qxd1+ 11. Kxd1 Nd5 12. Rc4 Nxf4 13. Rxf4 Be6 14.
b3 Rd8+ 15. Kc1 Na6 16. b4 Bxa2 17. e3 Nc7 18. Rd4 a5 19. Rxd8+ Rxd8 20. bxa5
Ra8 21. a6 bxa6 22. Kb2 Bd5 23. Nd2 Ne6 24. e4 Bc6 25. f3 Nxc5 26. Bc4 Bb5 27.
Bxb5 axb5 28. Nb3 Rc8 29. Nxc5 Rxc5 30. Rd1 Kg7 31. Kb3 Kf6 32. Rd2 Rc1 33. Rb2
Rc4 34. Ka2 b4 35. Rd2 Rc3 36. Kb2 Re3 37. Kc1 g5 38. Rb2 Ra3 39. Rxb4 Ra1+ 40.
Rb1 Rxb1+ 41. Kxb1 Ke5 42. Kc2 Kd4 43. Kd2 g4 44. Ke2 gxf3+ 45. gxf3 f6 46. Kd2
e6 47. Ke2 f5 48. exf5 exf5 49. Kd2 f4 50. h3 h6 51. h4 h5 0-1

[Event "tt Meesterklasse 12/13"]
[Site "Tilburg"]
[Date "2012.10.06"]
[Round "2.4"]
[White "Van Dongen, Cor"]
[Black "Broekmeulen, Jasper"]
[Result "0-1"]
[WhiteElo "2356"]
[BlackElo "2410"]
[Annotator "Olthof"]
[PlyCount "82"]
[EventDate "2012.09.15"]
[SourceDate "2012.10.06"]
[WhiteTeam "Stukkenjagers"]
[BlackTeam "HMC Calder"]
[WhiteTeamCountry "NED"]
[BlackTeamCountry "NED"]

1. c4 d6 2. g3 g5 3. d4 Bg7 4. Nc3 h6 5. Bg2 Nc6 6. d5 Ne5 7. f4 gxf4 8. gxf4
Ng6 9. Nf3 e5 10. dxe6 fxe6 11. O-O N8e7 12. e4 O-O 13. Ne2 Rb8 14. a4 a6 15.
Ra3 b5 16. axb5 axb5 17. cxb5 Rxb5 18. Nfd4 Rb4 19. Rg3 Kh7 20. Nc2 Rb6 21. b4
Qe8 22. Be3 Rb8 23. Rh3 d5 24. e5 Nf5 25. Bc5 Rf7 26. Qd3 Bf8 27. Ncd4 Bxc5 28.
bxc5 Qa4 29. Qd2 Qb4 30. Rc3 Bd7 31. Bh3 Nxd4 32. Nxd4 Rg8 33. Kh1 Rxf4 34.
Rxf4 Nxf4 35. Bf1 Be8 36. Qe3 Bg6 37. Rb3 Qxc5 38. Rc3 Qb6 39. h3 Be4+ 40. Kh2
Qb2+ 41. Ne2 Qxe2+ 0-1

[Event "tt Meesterklasse 12/13"]
[Site "Tilburg"]
[Date "2012.10.06"]
[Round "2.6"]
[White "Haast, Anne"]
[Black "Bosch, Jeroen"]
[Result "0-1"]
[WhiteElo "2235"]
[BlackElo "2378"]
[Annotator "Olthof"]
[PlyCount "72"]
[EventDate "2012.09.15"]
[SourceDate "2012.10.06"]
[WhiteTeam "Stukkenjagers"]
[BlackTeam "HMC Calder"]
[WhiteTeamCountry "NED"]
[BlackTeamCountry "NED"]

1. e4 c5 2. Nf3 d6 3. d4 cxd4 4. Nxd4 Nf6 5. Nc3 Bd7 6. f4 Nc6 7. Be3 Ng4 8.
Bg1 Nxd4 9. Qxd4 e5 10. Qd2 Be7 11. Be2 exf4 12. Qxf4 Ne5 13. Be3 O-O 14. O-O
Be6 15. Rad1 h6 16. Bd4 Nc6 17. Bc5 Qa5 18. Ba3 Nb4 19. Nd5 Nxd5 20. exd5 Bxd5
21. Qe3 Rae8 22. b4 Bf6 23. Qd3 Qb6+ 24. Kh1 Be4 25. Qg3 Be5 26. Qg4 f5 27. Qg6
d5 28. Qxb6 axb6 29. c4 Ra8 30. Bc1 Rxa2 31. Rf2 d4 32. Bd2 d3 33. Bf3 Rc2 34.
c5 Bd4 35. Rff1 bxc5 36. bxc5 Bxc5 0-1

[Event "tt Meesterklasse 12/13"]
[Site "Tilburg"]
[Date "2012.10.06"]
[Round "2.7"]
[White "Van der Stricht, Geert"]
[Black "Nabuurs, Mart"]
[Result "0-1"]
[WhiteElo "2403"]
[BlackElo "2248"]
[Annotator "Olthof"]
[PlyCount "80"]
[EventDate "2012.09.15"]
[SourceDate "2012.10.06"]
[WhiteTeam "HMC Calder"]
[BlackTeam "Stukkenjagers"]
[WhiteTeamCountry "NED"]
[BlackTeamCountry "NED"]

1. d4 d5 2. c4 c6 3. Nf3 e6 4. Qc2 Nf6 5. g3 Nbd7 6. Bg2 Bd6 7. Nbd2 O-O 8. O-O
Re8 9. Rd1 Qc7 10. b3 e5 11. dxe5 Nxe5 12. Bb2 Neg4 13. cxd5 Rxe2 14. Re1 Rxe1+
15. Rxe1 Bd7 16. dxc6 Bxc6 17. Nd4 Bxg2 18. Qxc7 Bxc7 19. Kxg2 Ne5 20. Nb5 Nd3
21. Re7 Bd8 22. Bxf6 Bxe7 23. Bxe7 Re8 24. Bg5 Re5 25. Nxa7 Rxg5 26. Nc4 b5 27.
Nd6 b4 28. Nc4 Nc1 29. Nc6 Nxa2 30. f4 Rc5 31. Nd4 Nc1 32. Nd2 Rc3 33. Kf2 Rd3
34. N2f3 Nxb3 35. Nc6 Nd2 36. Nfe5 Rb3 37. Ke2 Ne4 38. Nd3 Nc3+ 39. Ke3 Na2 40.
Kd4 Rb1 0-1

[Event "tt Meesterklasse 12/13"]
[Site "Tilburg"]
[Date "2012.10.06"]
[Round "2.8"]
[White "Haast, Mark"]
[Black "Ondersteijn, Niels"]
[Result "1/2-1/2"]
[WhiteElo "2278"]
[BlackElo "2322"]
[Annotator "Olthof"]
[PlyCount "147"]
[EventDate "2012.09.15"]
[SourceDate "2012.10.06"]
[WhiteTeam "Stukkenjagers"]
[BlackTeam "HMC Calder"]
[WhiteTeamCountry "NED"]
[BlackTeamCountry "NED"]

1. d4 Nf6 2. c4 g6 3. Nc3 d5 4. Nf3 Bg7 5. Qb3 dxc4 6. Qxc4 O-O 7. e4 Nc6 8.
Be2 Nd7 9. Be3 Nb6 10. Qc5 f5 11. O-O-O f4 12. d5 fxe3 13. dxc6 Qe8 14. Bb5 Qf7
15. Ng5 Qf6 16. cxb7 Bxb7 17. fxe3 e6 18. Rhf1 Qe5 19. Qe7 a6 20. Rxf8+ Rxf8
21. Bd7 Nxd7 22. Rxd7 Bc8 23. Rxc7 h6 24. Nf3 Qf6 25. Qxf6 Bxf6 26. e5 Bg7 27.
b4 g5 28. h3 h5 29. Rc5 g4 30. hxg4 hxg4 31. Nd4 Bd7 32. g3 Rc8 33. Kd2 Rxc5
34. bxc5 Bxe5 35. c6 Bxd4 36. cxd7 Bb6 37. Ne4 Kf8 38. Nf6 Ke7 39. d8=Q+ Bxd8
40. Nxg4 Bc7 41. Kc3 Bxg3 42. Kb4 Kf7 43. e4 Kg6 44. Kc4 Kg5 45. Ne3 Kf4 46.
Kd3 Bf2 47. Nc4 Bc5 48. a4 Bf2 49. Nd2 Bb6 50. Nc4 Bf2 51. Nd6 Ke5 52. Nf7+ Kf6
53. Nd8 Ke7 54. Nb7 Kd7 55. Kc4 Kc6 56. Nd8+ Kd7 57. Nf7 Be3 58. Ne5+ Kd6 59.
Nf3 Kc6 60. Ne1 Kd6 61. Nc2 Bc5 62. Ne1 Be3 63. Nf3 Bc5 64. e5+ Kc6 65. Ng5 Bf2
66. Nxe6 Kb6 67. Nd4 Bh4 68. e6 Bf6 69. Nf5 Kc6 70. Kb4 Bg5 71. Kc4 Bf6 72. a5
Bg5 73. Kd3 Kb5 74. e7 1/2-1/2

[Event "tt Meesterklasse 12/13"]
[Site "Tilburg"]
[Date "2012.10.06"]
[Round "2.10"]
[White "Clijsen, Marc"]
[Black "Verhoeven, Tom"]
[Result "0-1"]
[WhiteElo "2172"]
[BlackElo "2187"]
[Annotator "Olthof"]
[PlyCount "92"]
[EventDate "2012.09.15"]
[SourceDate "2012.10.06"]
[WhiteTeam "Stukkenjagers"]
[BlackTeam "HMC Calder"]
[WhiteTeamCountry "NED"]
[BlackTeamCountry "NED"]

1. d4 d5 2. Bg5 h6 3. Bh4 c6 4. e3 Qb6 5. Nd2 Qxb2 6. Bd3 e6 7. Ngf3 Be7 8. O-O
Bxh4 9. Nxh4 Nf6 10. f4 Nbd7 11. c4 Qa3 12. Qe2 Qe7 13. Nhf3 O-O 14. Rac1 c5
15. Bb1 b6 16. Ne5 Bb7 17. g4 Nxe5 18. dxe5 Ne4 19. Nxe4 dxe4 20. Rcd1 Rad8 21.
Qg2 Rxd1 22. Rxd1 Rd8 23. Bc2 Rxd1+ 24. Bxd1 Qd7 25. Bc2 Bc6 26. h3 a6 27. Bxe4
Qd1+ 28. Kh2 Bxe4 29. Qxe4 Qd2+ 30. Kg3 b5 31. Qa8+ Kh7 32. Qe4+ g6 33. f5 Qe1+
34. Kg2 Qd2+ 35. Kg3 Qd7 36. fxg6+ fxg6 37. h4 Kg7 38. h5 gxh5 39. gxh5 Qf7 40.
cxb5 axb5 41. Qc6 c4 42. a4 bxa4 43. Qxc4 a3 44. Qa4 Qxh5 45. Qxa3 Qxe5+ 46.
Kf3 Qf5+ 0-1